[Event "28th 4NCL Congress"]
[Site "Leamington Spa"]
[Date "2022.07.09"]
[Round "3"]
[Board "31"]
[White "Sandhu, Manvith"]
[Black "Varley, Joe"]
[Result "0-1"]
[WhiteElo "1952"]
[BlackElo "2047"]
[PlyCount "96"]
[EventDate "2022.07.08"]
[EventRounds "5"]
[EventCountry "ENG"]

1. e4 e5 2. Nf3 Nc6 3. Bb5 a6 4. Ba4 Nf6 5. d3 d6 6. c3 g6 7. O-O Bg7 8. Re1
O-O 9. Nbd2 b5 10. Bb3 Bb7 11. Nf1 h6 12. Ne3 Na5 13. Bc2 c5 14. a4 Qc7 15. Nf1
Rfe8 16. Ng3 Re7 17. h4 c4 18. dxc4 Nxc4 19. axb5 axb5 20. Rxa8+ Bxa8 21. h5
Nd7 22. hxg6 fxg6 23. Nh4 Nf8 24. Qg4 Kh7 25. Rd1 Bb7 26. Qe2 Bc6 27. b3 Nb6
28. Ba3 Rd7 29. Bb4 Qd8 30. Nf3 Nc8 31. Nf1 Ne6 32. g3 Rf7 33. Ne3 Qf8 34. Kg2
Nc5 35. Nd5 Qe8 36. Qe3 Nd7 37. Nc7 Qd8 38. Ne6 Qf6 39. Nxg7 Kxg7 40. Rh1 g5
41. Nh2 Qe6 42. Bd1 Nf6 43. f3 Ra7 44. Nf1 Ra2+ 45. Nd2 d5 46. exd5 Qxd5 47.
Bf8+ Kxf8 48. Rxh6 Qxd2+  0-1

[Event "28th 4NCL Congress"]
[Site "Leamington Spa"]
[Date "2022.07.09"]
[Round "3"]
[Board "32"]
[White "Miller, George I"]
[Black "Weersing, Abigail R"]
[Result "1/2-1/2"]
[WhiteElo "1847"]
[BlackElo "2041"]
[PlyCount "35"]
[EventDate "2022.07.08"]
[EventRounds "5"]
[EventCountry "ENG"]

1. c4 e6 2. Nc3 Nf6 3. e4 d5 4. e5 Nfd7 5. d4 dxc4 6. Nf3 Bb4 7. Bxc4 Nb6 8.
Bd3 Nd5 9. Bd2 Nc6 10. a3 Ba5 11. O-O Nde7 12. Be3 Ng6 13. Ne4 Bb6 14. b4 Nce7
15. Rc1 Nf5 16. Nc5 Bxc5 17. bxc5 Nge7 18. g4  1/2-1/2

[Event "28th 4NCL Congress"]
[Site "Leamington Spa"]
[Date "2022.07.09"]
[Round "3"]
[Board "33"]
[White "Chan, Sheng Liang Bernard"]
[Black "Vijayakumar, Rishi"]
[Result "1-0"]
[WhiteElo "2037"]
[BlackElo "1867"]
[PlyCount "81"]
[EventDate "2022.07.08"]
[EventRounds "5"]
[EventCountry "ENG"]

1. d4 Nf6 2. c4 e6 3. Nf3 b6 4. g3 Bb7 5. Bg2 c5 6. d5 exd5 7. Nh4 g6 8. Nc3
Na6 9. Bf4 d6 10. Nxd5 Nxd5 11. Bxd5 Bxd5 12. Qxd5 Nb4 13. Qe4+ Be7 14. Bxd6 f5
15. Qxe7+ Qxe7 16. Bxe7 Kxe7 17. Kd2 Kf6 18. e3 Rad8+ 19. Ke2 Rd7 20. Rhd1 Rhd8
21. Rxd7 Rxd7 22. a3 Nd3 23. Rd1 Ne5 24. f4 Rxd1 25. fxe5+ Kxe5 26. Kxd1 a6 27.
Ke2 b5 28. b3 b4 29. a4 a5 30. Kd3 Kf6 31. e4 Kg5 32. e5 h6 33. Nf3+ Kh5 34. e6
f4 35. e7 g5 36. gxf4 gxf4 37. h3 Kg6 38. e8=Q+ Kh7 39. Qf7+ Kh8 40. Ne5 h5 41.
Ng6#  1-0

[Event "28th 4NCL Congress"]
[Site "Leamington Spa"]
[Date "2022.07.09"]
[Round "3"]
[Board "34"]
[White "Simpson, Joshua"]
[Black "Cave, Iwan"]
[Result "0-1"]
[WhiteElo "2022"]
[BlackElo "1994"]
[PlyCount "36"]
[EventDate "2022.07.08"]
[EventRounds "5"]
[EventCountry "ENG"]

1. e4 Nc6 2. d4 d5 3. e5 Bf5 4. c3 e6 5. Nf3 f6 6. Bf4 g5 7. Bg3 g4 8. Nh4 fxe5
9. Nxf5 exf5 10. dxe5 Qg5 11. Bb5 f4 12. Qxd5 Nge7 13. Bxc6+ bxc6 14. Qd4 fxg3
15. e6 Rd8 16. Qe3 gxf2+ 17. Kxf2 Qf6+ 18. Ke2 Nd5  0-1

[Event "28th 4NCL Congress"]
[Site "Leamington Spa"]
[Date "2022.07.09"]
[Round "3"]
[Board "35"]
[White "Basson, Heinrich"]
[Black "Shenbagakumar, Gautham"]
[Result "1-0"]
[WhiteElo "1983"]
[BlackElo "1934"]
[PlyCount "77"]
[EventDate "2022.07.08"]
[EventRounds "5"]
[EventCountry "ENG"]

1. b4 e5 2. Bb2 Bxb4 3. Bxe5 Nf6 4. Nf3 d5 5. e3 O-O 6. c4 h6 7.
Be2 c5 8. O-O Be6 9. a3 Ba5 10. Qb3 Nbd7 11. Bd6 Re8 12. Qxb7 dxc4 13. Rc1 Bd5
14. Qb2 Rc8 15. h3 a6 16. Bh2 Nb6 17. Nc3 Bxc3 18. Qxc3 Ne4 19. Qc2 Qf6 20.
Rab1 Rc6 21. a4 Ng5 22. Ne1 Be4 23. d3 cxd3 24. Bxd3 c4 25. Bxe4 Nxe4 26. a5
Nd5 27. Nf3 c3 28. Ne5 Rcc8 29. Qxe4 Qe6 30. Qc2 f6 31. Nf3 Rc4 32. Rb8 Rxb8
33. Bxb8 Nb4 34. Qb3 Qc6 35. Rxc3 Nd5 36. Qxc4 Qxc4 37. Rxc4 Kf7 38. Nd4 Ke7
39. e4  1-0

[Event "28th 4NCL Congress"]
[Site "Leamington Spa"]
[Date "2022.07.09"]
[Round "3"]
[Board "36"]
[White "Karas, Eugenia"]
[Black "Bramson, Mike"]
[Result "1-0"]
[WhiteElo "1844"]
[BlackElo "1976"]
[PlyCount "85"]
[EventDate "2022.07.08"]
[EventRounds "5"]
[EventCountry "ENG"]

1. d4 d5 2. c4 e6 3. Nf3 Nf6 4. g3 Be7 5. Bg2 O-O 6. O-O Nbd7 7. Qc2 c5 8. Rd1
b6 9. cxd5 exd5 10. Nc3 Bb7 11. dxc5 bxc5 12. Nh4 Qa5 13. Nf5 Rfe8 14. Bg5 Rad8
15. Nxe7+ Rxe7 16. Nxd5 Bxd5 17. Bxd5 Re5 18. Bxf6 Nxf6 19. Bf3 Rde8 20. Qd2
Qb5 21. Rac1 h6 22. b3 Rxe2 23. Bxe2 Rxe2 24. Qd8+ Kh7 25. Qd3+ Qxd3 26. Rxd3
Rxa2 27. f3 a5 28. Rxc5 a4 29. Ra5 a3 30. b4 Rb2 31. b5 a2 32. Rda3 Nd5 33.
Rxa2 Rb1+ 34. Kf2 Nc3 35. Rd2 Nxb5 36. g4 Rb3 37. Rd7 f6 38. Rb7 Nd4 39. Rxb3
Nxb3 40. Rd5 Kg6 41. Ke3 Nc1 42. Kd2 Na2 43. Rb5  1-0

[Event "28th 4NCL Congress"]
[Site "Leamington Spa"]
[Date "2022.07.09"]
[Round "3"]
[Board "37"]
[White "Hertog, Alexander"]
[Black "Liu, Jack"]
[Result "1/2-1/2"]
[WhiteElo "1801"]
[BlackElo "1947"]
[PlyCount "83"]
[EventDate "2022.07.08"]
[EventRounds "5"]
[EventCountry "ENG"]

1. Nf3 Nf6 2. e3 e6 3. c4 c5 4. b3 Nc6 5. Bb2 d5 6. cxd5 exd5 7. Bb5 Bg4 8. h3
Bd7 9. O-O Bd6 10. d4 cxd4 11. Nxd4 O-O 12. Be2 Qe7 13. Nd2 Rac8 14. N2f3 Rfd8
15. Rc1 Ne5 16. Rxc8 Rxc8 17. Bb5 Nxf3+ 18. Qxf3 Qe5 19. Qf4 Qxf4 20. exf4 Bxf4
21. Bxd7 Nxd7 22. Nf5 Re8 23. Bxg7 Be5 24. Bxe5 Rxe5 25. Nd6 b6 26. Rd1 Kf8 27.
Nb5 a5 28. f4 Re2 29. Rxd5 Ke7 30. a4 Rb2 31. Nd4 Nc5 32. Kh2 Rb1 33. f5 Nxb3
34. Nc6+ Kf6 35. Rd6+ Kxf5 36. Ne7+ Ke5 37. Rxb6 Nd2 38. Nc6+ Kf5 39. Rb5+ Rxb5
40. axb5 Nc4 41. b6 Nxb6 42. Nxa5  1/2-1/2

[Event "28th 4NCL Congress"]
[Site "Leamington Spa"]
[Date "2022.07.10"]
[Round "4"]
[Board "1"]
[White "Hebden, Mark L"]
[Black "Gormally, Daniel W"]
[Result "1-0"]
[WhiteElo "2546"]
[BlackElo "2494"]
[PlyCount "85"]
[EventDate "2022.07.08"]
[EventRounds "5"]
[EventCountry "ENG"]

1. d4 g6 2. e4 Bg7 3. Nf3 d6 4. Bc4 Nf6 5. Qe2 O-O 6. e5 dxe5 7. dxe5 Nd5 8.
O-O Bg4 9. Nbd2 c6 10. h3 Bf5 11. Ne4 Qc7 12. Nc5 Nd7 13. Nxd7 Bxd7 14. Re1
Rad8 15. a4 Bc8 16. a5 b5 17. Bb3 e6 18. Bg5 Rd7 19. Nh2 h6 20. Bh4 Nf4 21. Qe4
g5 22. Bg3 c5 23. Bxf4 Rd4 24. Qe2 Rxf4 25. c3 Bb7 26. Bc2 Qc6 27. f3 c4 28. a6
Qc5+ 29. Qf2 Qxf2+ 30. Kxf2 Bd5 31. g3 Rf5 32. Bxf5 exf5 33. Rad1 Be6 34. f4
gxf4 35. gxf4 Rb8 36. Nf3 Bf8 37. Nd4 Bc5 38. Ke2 Bxd4 39. Rxd4 b4 40. Red1 Kh7
41. Rd8 Rb5 42. Ra8 bxc3 43. bxc3  1-0

[Event "28th 4NCL Congress"]
[Site "Leamington Spa"]
[Date "2022.07.10"]
[Round "4"]
[Board "2"]
[White "Quillan, Gary"]
[Black "Carroll, Thomas"]
[Result "1-0"]
[WhiteElo "2386"]
[BlackElo "2226"]
[PlyCount "69"]
[EventDate "2022.07.08"]
[EventRounds "5"]
[EventCountry "ENG"]

1. e4 c5 2. Nf3 d6 3. Bb5+ Nd7 4. d4 cxd4 5. Qxd4 a6 6. Bxd7+ Bxd7 7. O-O e5 8.
Qd3 Rc8 9. a4 h6 10. b3 Nf6 11. c4 Be7 12. Nc3 O-O 13. Be3 b5 14. axb5 axb5 15.
Nxb5 Bxb5 16. cxb5 Nd7 17. Rfd1 Rb8 18. Ra7 Nb6 19. h3 Nc8 20. Ra6 Qe8 21. Rc6
Bd8 22. Nd2 Kh8 23. Nc4 Be7 24. Qd5 f5 25. exf5 Qh5 26. b6 Qxf5 27. g4 Qd7 28.
Nxe5 Qe8 29. Nc4 h5 30. Qxh5+ Qxh5 31. gxh5 Bf6 32. Nxd6 Ne7 33. Rc7 Kg8 34. b7
Rfd8 35. Ba7  1-0

[Event "28th 4NCL Congress"]
[Site "Leamington Spa"]
[Date "2022.07.10"]
[Round "4"]
[Board "3"]
[White "Bezuidenhout, Roland"]
[Black "Agnew, Alan"]
[Result "1/2-1/2"]
[WhiteElo "2346"]
[BlackElo "2195"]
[PlyCount "76"]
[EventDate "2022.07.08"]
[EventRounds "5"]
[EventCountry "ENG"]

1. e4 c6 2. Nf3 d5 3. Nc3 Bg4 4. h3 Bxf3 5. Qxf3 dxe4 6. Nxe4 Nd7 7. d3 Ngf6 8.
Bd2 e6 9. Be2 Be7 10. Qg3 Nxe4 11. dxe4 Bf6 12. O-O-O Qb6 13. c3 O-O-O 14. f4
g6 15. e5 Be7 16. Qf3 Qa5 17. Kb1 Qd5 18. Be3 Qxf3 19. Bxf3 Nb6 20. Kc2 h5 21.
Rxd8+ Rxd8 22. g4 Nc4 23. Bc1 hxg4 24. hxg4 Bc5 25. b3 Ne3+ 26. Kb2 Nd5 27. Rh7
Rd7 28. b4 Be3 29. Bxd5 Bxc1+ 30. Kxc1 cxd5 31. Kc2 Rc7 32. Kd3 Kd8 33. Rh8+
Kd7 34. Rb8 b6 35. a4 Ke7 36. Ra8 Kd7 37. Rb8 Ke7 38. Ra8 Kd7  1/2-1/2

[Event "28th 4NCL Congress"]
[Site "Leamington Spa"]
[Date "2022.07.10"]
[Round "4"]
[Board "4"]
[White "Bradbury, Neil H"]
[Black "Stubbs, Oliver"]
[Result "1-0"]
[WhiteElo "2274"]
[BlackElo "2134"]
[PlyCount "73"]
[EventDate "2022.07.08"]
[EventRounds "5"]
[EventCountry "ENG"]

1. d4 Nf6 2. Nf3 g6 3. Bg5 Bg7 4. Nbd2 O-O 5. e4 d5 6. exd5 Nxd5 7. c3 h6 8.
Bh4 Nd7 9. Bc4 N5b6 10. Bb3 c5 11. O-O cxd4 12. cxd4 Nf6 13. Re1 Bg4 14. h3
Bxf3 15. Nxf3 Nbd5 16. Ne5 e6 17. Qf3 Qd6 18. Rad1 a5 19. Bxf6 Nxf6 20. Nxg6
Rfd8 21. Ne5 Rf8 22. a3 a4 23. Ba2 Nd5 24. Bb1 b5 25. Qd3 f5 26. Qxb5 Rab8 27.
Qe2 Rb3 28. Ba2 Rb7 29. Nc4 Qa6 30. Qxe6+ Qxe6 31. Rxe6 Kh8 32. Nd6 Rd7 33.
Bxd5 Rfd8 34. Nb7 Rb8 35. Bc6 Rdxb7 36. Bxb7 Rxb7 37. d5  1-0

[Event "28th 4NCL Congress"]
[Site "Leamington Spa"]
[Date "2022.07.10"]
[Round "4"]
[Board "5"]
[White "Gomez, Daniel"]
[Black "Sedykh, Mikhail"]
[Result "1/2-1/2"]
[WhiteElo "2094"]
[BlackElo "2273"]
[PlyCount "61"]
[EventDate "2022.07.08"]
[EventRounds "5"]
[EventCountry "ENG"]

1. e4 c5 2. Nf3 Nc6 3. Bb5 g6 4. O-O Bg7 5. c3 Nf6 6. Re1 O-O 7. d4 d5 8. e5
Ne4 9. Bxc6 bxc6 10. Be3 Qb6 11. Qc1 c4 12. Nbd2 Nxd2 13. Nxd2 Bf5 14. b3 Bd3
15. Qa3 Rfe8 16. Rad1 Rab8 17. Qc1 Qa6 18. Qb2 Rb7 19. b4 Qb5 20. a3 a5 21. h3
Ra8 22. Ra1 Qa4 23. Rec1 Rba7 24. Kh2 Bf8 25. g4 axb4 26. cxb4 Qb5 27. Nf3 f6
28. Ne1 Bf1 29. Nf3 Bd3 30. Ne1 Bf1 31. Nf3  1/2-1/2

[Event "28th 4NCL Congress"]
[Site "Leamington Spa"]
[Date "2022.07.10"]
[Round "4"]
[Board "7"]
[White "Goater, Kevin P"]
[Black "Davies, Nigel R"]
[Result "1/2-1/2"]
[WhiteElo "2115"]
[BlackElo "2441"]
[PlyCount "111"]
[EventDate "2022.07.08"]
[EventRounds "5"]
[EventCountry "ENG"]

1. d4 Nf6 2. Bg5 e6 3. Nf3 h6 4. Bxf6 Qxf6 5. e4 d6 6. Nbd2 Nd7 7. Bd3 g6 8. c3
Bg7 9. O-O O-O 10. Qc2 Qe7 11. Rae1 e5 12. Nc4 Nb6 13. Ne3 c6 14. a4 a5 15. Qb3
Qc7 16. dxe5 dxe5 17. Nc4 Nxc4 18. Bxc4 Bg4 19. Nh4 Kh7 20. h3 Bc8 21. Rd1 Bf6
22. Nf3 Kg7 23. Rd2 Bd7 24. Rfd1 Rad8 25. Nh2 h5 26. Nf1 Bc8 27. Ne3 Rxd2 28.
Rxd2 Rd8 29. Rxd8 Bxd8 30. Qd1 Bg5 31. Nc2 Bd7 32. Ne1 Be8 33. Nf3 Be7 34. Qd3
Bc5 35. Qd2 Qd6 36. Kf1 Qxd2 37. Nxd2 Kf6 38. Nb3 Bb6 39. Nc1 Ke7 40. Nd3 Kd6
41. g3 h4 42. Kg2 hxg3 43. Kxg3 Bd8 44. f4 Bf6 45. Ba2 Bg7 46. Kg4 exf4 47.
Kxf4 Bh6+ 48. Kf3 f6 49. h4 b6 50. Bg8 g5 51. hxg5 Bxg5 52. c4 Bh5+ 53. Kf2 Bd1
54. c5+ bxc5 55. b3 Bc2 56. Ke2  1/2-1/2

[Event "28th 4NCL Congress"]
[Site "Leamington Spa"]
[Date "2022.07.10"]
[Round "4"]
[Board "8"]
[White "Ackley, Peter JE"]
[Black "Gallana, Marco"]
[Result "1/2-1/2"]
[WhiteElo "2092"]
[BlackElo "2344"]
[PlyCount "89"]
[EventDate "2022.07.08"]
[EventRounds "5"]
[EventCountry "ENG"]

1. g3 Nf6 2. Bg2 g6 3. c4 Bg7 4. Nc3 O-O 5. e3 c6 6. Nge2 d5 7. cxd5 cxd5 8. d4
Nc6 9. Nf4 e6 10. O-O Bd7 11. b3 Qe7 12. Bb2 Rfd8 13. Qe2 Be8 14. Rfd1 Rac8 15.
Rac1 g5 16. Nh5 Nxh5 17. Qxh5 f5 18. Qe2 Qf6 19. f4 Bf8 20. Na4 b6 21. Bc3 Rc7
22. Nb2 Rg7 23. Nd3 h5 24. Ne5 Nxe5 25. fxe5 Qh6 26. Be1 h4 27. Rd2 hxg3 28.
hxg3 Ba3 29. Rcc2 Rh7 30. Bf3 g4 31. Bg2 Qh2+ 32. Kf1 Bb4 33. Rd1 Bxe1 34. Rxe1
Qxg3 35. Rec1 Rh2 36. a4 Bd7 37. Qf2 Qxf2+ 38. Kxf2 Rh7 39. Kg3 Be8 40. Kf4 Kf8
41. Kg5 Rg7+ 42. Kf4 Rh7 43. Kg5 Rh5+ 44. Kf4 Rh7 45. Kg5  1/2-1/2

[Event "28th 4NCL Congress"]
[Site "Leamington Spa"]
[Date "2022.07.10"]
[Round "4"]
[Board "9"]
[White "Buanne, Luca"]
[Black "Schwartz, Julius"]
[Result "1-0"]
[WhiteElo "2038"]
[BlackElo "2285"]
[PlyCount "93"]
[EventDate "2022.07.08"]
[EventRounds "5"]
[EventCountry "ENG"]

1. d4 Nf6 2. c4 e6 3. g3 c5 4. d5 exd5 5. cxd5 d6 6. Nc3 g6 7. Bg2 Bg7 8. Nf3
O-O 9. O-O b6 10. Nd2 Ba6 11. a4 Ne8 12. Nde4 h6 13. Nb5 f5 14. Nec3 Nd7 15.
Bf4 Ne5 16. Bxe5 Bxe5 17. f4 Bg7 18. e4 Bc8 19. e5 a6 20. Na3 dxe5 21. d6 Rb8
22. fxe5 Be6 23. Bd5 Bxd5 24. Qxd5+ Kh7 25. Rad1 Qg5 26. Rf4 Bh8 27. Ne4 Qd8
28. e6 Nf6 29. Nxf6+ Qxf6 30. Nc4 b5 31. axb5 axb5 32. Na5 Ra8 33. e7 Rxa5 34.
exf8=Q Qxf8 35. d7 Qd8 36. Qxc5 Ra8 37. Qxb5 Qe7 38. Qd3 Rd8 39. Rc4 Bf6 40.
Rc8 Qb4 41. Rxd8 Bxd8 42. Qd5 Qb6+ 43. Qd4 Qb3 44. Rd2 h5 45. Qd5 Qe3+ 46. Kg2
Kh6 47. Qd4  1-0

[Event "28th 4NCL Congress"]
[Site "Leamington Spa"]
[Date "2022.07.10"]
[Round "4"]
[Board "11"]
[White "Walker, Martin G"]
[Black "Woltery, Nicolai"]
[Result "0-1"]
[WhiteElo "2232"]
[BlackElo "1930"]
[PlyCount "78"]
[EventDate "2022.07.08"]
[EventRounds "5"]
[EventCountry "ENG"]

1. e4 c5 2. Nf3 Nc6 3. d4 cxd4 4. Nxd4 g6 5. c4 Bg7 6. Be3 d6 7. Nc3 Qb6 8. Nb3
Bxc3+ 9. bxc3 Qc7 10. c5 dxc5 11. Nxc5 Nf6 12. f3 O-O 13. Be2 b6 14. Nb3 Rd8
15. Nd2 Ne5 16. Qc2 Be6 17. O-O Rac8 18. Rfc1 Nfd7 19. Nb3 Bc4 20. a4 Bxe2 21.
Qxe2 Nc4 22. Bf2 Nf8 23. a5 e5 24. axb6 axb6 25. g3 Ne6 26. Kg2 Rd6 27. Ra4 Rc6
28. Nc5 Rxc5 29. Bxc5 Qxc5 30. Kh1 Nd6 31. Raa1 Nb5 32. c4 Ned4 33. Qd3 Nd6 34.
f4 Qc6 35. Re1 f5 36. fxe5 Nxe4 37. Qxd4 Nf2+ 38. Kg1 Nh3+ 39. Kf1 Qf3+  0-1

[Event "28th 4NCL Congress"]
[Site "Leamington Spa"]
[Date "2022.07.10"]
[Round "4"]
[Board "12"]
[White "Larkin, Benjamin"]
[Black "Payne, Matthew J"]
[Result "0-1"]
[WhiteElo "1986"]
[BlackElo "2230"]
[PlyCount "50"]
[EventDate "2022.07.08"]
[EventRounds "5"]
[EventCountry "ENG"]

1. e4 e6 2. d4 d5 3. Nc3 Bb4 4. exd5 exd5 5. Bd3 Nc6 6. a3 Ba5 7. Nge2 Nge7 8.
O-O Bf5 9. Ng3 Bxd3 10. Qxd3 Qd7 11. Na4 Bb6 12. Be3 O-O 13. Rfe1 f5 14. Nxb6
axb6 15. Ne2 Ng6 16. Nf4 Nxf4 17. Bxf4 Rae8 18. Kf1 Re4 19. Rxe4 fxe4 20. Qe3
Nxd4 21. Qxd4 Rxf4 22. Rd1 Qf7 23. Rd2 c5 24. Qxd5 Rxf2+ 25. Kg1 Rf1#  0-1

[Event "28th 4NCL Congress"]
[Site "Leamington Spa"]
[Date "2022.07.10"]
[Round "4"]
[Board "13"]
[White "Gopakumar, Siddharth"]
[Black "Ogunshola, Olugbemiga (Ben)"]
[Result "0-1"]
[WhiteElo "1979"]
[BlackElo "2224"]
[PlyCount "68"]
[EventDate "2022.07.08"]
[EventRounds "5"]
[EventCountry "ENG"]

1. e4 c5 2. Nf3 d6 3. d4 cxd4 4. Qxd4 a6 5. c4 Nc6 6. Qd3 g6 7. h3 Bg7 8. Be2
Nf6 9. Nc3 Be6 10. Nd5 Rc8 11. Bd2 Nd7 12. Bc3 Nce5 13. Nxe5 Nxe5 14. Qg3 O-O
15. b3 b5 16. f4 Bxd5 17. exd5 b4 18. Bxb4 Nd3+ 19. Qxd3 Bxa1 20. O-O Bf6 21.
Bc3 Qb6+ 22. Kh1 Bxc3 23. Qxc3 Qc5 24. Qd2 a5 25. f5 Rb8 26. Rf4 Qb4 27. Qc1 f6
28. Rg4 Kf7 29. Qh6 Qe1+ 30. Kh2 Qxe2 31. fxg6+ Ke8 32. gxh7 Kd7 33. Qg6 Qe5+
34. Kh1 f5  0-1

[Event "28th 4NCL Congress"]
[Site "Leamington Spa"]
[Date "2022.07.10"]
[Round "4"]
[Board "14"]
[White "Seymour, Timothy P"]
[Black "Li, Ethan Bingxuan"]
[Result "0-1"]
[WhiteElo "2125"]
[BlackElo "1902"]
[PlyCount "50"]
[EventDate "2022.07.08"]
[EventRounds "5"]
[EventCountry "ENG"]

1. Nf3 Nf6 2. b3 g6 3. Bb2 Bg7 4. e3 O-O 5. d4 d6 6. Be2 Nbd7 7. O-O Re8 8. c4
e5 9. dxe5 dxe5 10. Nxe5 Ne4 11. Nd3 Bxb2 12. Nxb2 Qg5 13. Qc2 Ndf6 14. Nd2 Bh3
15. Bf3 Bf5 16. Nxe4 Nxe4 17. Qe2 Rad8 18. Bxe4 Bxe4 19. f4 Qa5 20. Qe1 Rd2 21.
Rf2 Red8 22. c5 Rxf2 23. Qxa5 Rxg2+ 24. Kf1 Rdd2 25. Nd1 Bd3+  0-1

[Event "28th 4NCL Congress"]
[Site "Leamington Spa"]
[Date "2022.07.10"]
[Round "4"]
[Board "15"]
[White "Taylor, Adam A"]
[Black "Sullivan, Daniel JS"]
[Result "1-0"]
[WhiteElo "2288"]
[BlackElo "2012"]
[PlyCount "137"]
[EventDate "2022.07.08"]
[EventRounds "5"]
[EventCountry "ENG"]

1. Nf3 d5 2. c4 e6 3. g3 Nf6 4. Bg2 dxc4 5. Qa4+ Bd7 6. Qxc4 c5 7. Ne5 Qc8 8.
O-O Nc6 9. Nxd7 Qxd7 10. Nc3 Rc8 11. d3 Be7 12. a4 b6 13. Rd1 O-O 14. Bd2 Rfd8
15. Be1 Ne8 16. Ne4 Nd6 17. Nxd6 Bxd6 18. Kf1 h6 19. a5 Nxa5 20. Bxa5 bxa5 21.
Rxa5 Rc7 22. Be4 Rb8 23. b3 Rb4 24. Qc2 Qd8 25. Rda1 Qb8 26. R1a3 Rb5 27. Rxb5
Qxb5 28. Qa2 Qb8 29. Ra6 Be7 30. Qa5 Kf8 31. Kg2 Bd8 32. Qa4 Be7 33. Ra5 Kg8
34. Rb5 Qc8 35. Qc4 Bf8 36. Bf3 Be7 37. Ra5 Qb8 38. Qa4 Bf8 39. Ra6 Be7 40. Bc6
Bf8 41. Bb5 Rb7 42. Bc4 Be7 43. Qa1 Bf6 44. Qa5 Be7 45. e4 Qc7 46. Qa4 Qd7 47.
Qa2 Bf6 48. Qe2 Bd4 49. Qg4 Rb6 50. Ra2 Qe7 51. Qh5 Qb7 52. Qf3 Be5 53. Ra5 Bd4
54. Qe2 Qc7 55. Ra4 Rb4 56. Ra2 Rb6 57. Qd2 Rb7 58. Qd1 Qe7 59. f4 Qf6 60. Qf3
Qe7 61. e5 Rb8 62. Ra6 Qb7 63. Rc6 Rc8 64. Rxe6 Qc7 65. Ra6 Re8 66. Qd5 Qe7 67.
Rd6 Qf8 68. Rd7 Re7 69. Rd8  1-0

[Event "28th 4NCL Congress"]
[Site "Leamington Spa"]
[Date "2022.07.10"]
[Round "4"]
[Board "16"]
[White "Varley, Joe"]
[Black "Zhang, Anthony Y"]
[Result "1/2-1/2"]
[WhiteElo "2047"]
[BlackElo "2237"]
[PlyCount "141"]
[EventDate "2022.07.08"]
[EventRounds "5"]
[EventCountry "ENG"]

1. e4 c5 2. Nf3 Nc6 3. d4 cxd4 4. Nxd4 e5 5. Nb5 d6 6. c4 Be7 7. N1c3 a6 8. Na3
Be6 9. Nc2 Rc8 10. Be2 Nf6 11. O-O O-O 12. Be3 Nb8 13. Na3 Nbd7 14. f3 Nb6 15.
Nd5 Bxd5 16. cxd5 Nfd7 17. Qd2 h6 18. Rac1 Bg5 19. f4 exf4 20. Bxf4 Bxf4 21.
Qxf4 Ne5 22. Qg3 Nbd7 23. Qe3 Qa5 24. Qd4 b5 25. Nc2 Rc7 26. Ne3 Rfc8 27. Rxc7
Qxc7 28. Nf5 Kh7 29. Qe3 Qc5 30. Qxc5 Rxc5 31. Bd1 Nc4 32. b3 Nd2 33. Re1 Rc1
34. Nxd6 Nc5 35. Kf2 Ndxe4+ 36. Nxe4 Nxe4+ 37. Ke3 Nd6 38. Kd2 Rc5 39. Bf3 Rc7
40. Rc1 Rxc1 41. Kxc1 Kg6 42. Kb2 Kf5 43. Kc3 Ke5 44. Kb4 Nb7 45. a4 bxa4 46.
bxa4 Kd6 47. Be2 Nc5 48. Bc4 f5 49. Ka5 g5 50. Bxa6 Kxd5 51. Bc8 Ke4 52. Kb5
Nxa4 53. Kxa4 h5 54. Kb3 f4 55. Kc2 Ke3 56. Bb7 g4 57. Kd1 Kf2 58. Bd5 h4 59.
h3 gxh3 60. gxh3 f3 61. Kd2 Kg3 62. Ke3 f2 63. Bc4 Kxh3 64. Kf3 Kh2 65. Kxf2
Kh3 66. Be6+ Kh2 67. Bf5 Kh1 68. Bh3 Kh2 69. Bg2 h3 70. Bf1 Kh1 71. Bxh3
 1/2-1/2

[Event "28th 4NCL Congress"]
[Site "Leamington Spa"]
[Date "2022.07.10"]
[Round "4"]
[Board "17"]
[White "Jackson, Oliver A"]
[Black "Chan, Sheng Liang Bernard"]
[Result "0-1"]
[WhiteElo "2197"]
[BlackElo "2037"]
[PlyCount "90"]
[EventDate "2022.07.08"]
[EventRounds "5"]
[EventCountry "ENG"]

1. e4 c5 2. Nc3 g6 3. f4 Bg7 4. Nf3 Nc6 5. Bb5 Nd4 6. a4 e6 7. e5 a6 8. Bc4 d5
9. exd6 Qxd6 10. d3 Ne7 11. Ne4 Qc7 12. c3 Ndf5 13. O-O O-O 14. Qe1 b6 15. g4
Nd6 16. Qh4 Nxc4 17. dxc4 f5 18. Neg5 h6 19. Bd2 fxg4 20. Qxg4 hxg5 21. Nxg5
Nf5 22. Rae1 Re8 23. Ne4 Qf7 24. Ng5 Qd7 25. Bc1 Bb7 26. Nf3 Bxf3 27. Rxf3 Kf7
28. a5 bxa5 29. Rf2 Rad8 30. Rg2 Rg8 31. Qxg6+ Kf8 32. Qh5 Qf7 33. Qe2 Bf6 34.
Rxg8+ Qxg8+ 35. Kh1 Rd6 36. Be3 Qh7 37. Qf3 Nxe3 38. Qxe3 Qb7+ 39. Kg1 Qc6 40.
f5 exf5 41. Rf1 Re6 42. Qh3 Bg7 43. Rxf5+ Kg8 44. Rd5 Qe8 45. Rd8 Rg6+  0-1

[Event "28th 4NCL Congress"]
[Site "Leamington Spa"]
[Date "2022.07.10"]
[Round "4"]
[Board "18"]
[White "Burrows, Martin P"]
[Black "Verma, Shlok"]
[Result "1/2-1/2"]
[WhiteElo "2179"]
[BlackElo "2012"]
[PlyCount "131"]
[EventDate "2022.07.08"]
[EventRounds "5"]
[EventCountry "ENG"]

1. e4 e6 2. d4 d5 3. Nc3 Nf6 4. e5 Nfd7 5. f4 c5 6. Nf3 Nc6 7. Be3 a6 8. Qd2 b5
9. a3 cxd4 10. Nxd4 Nxd4 11. Bxd4 Bc5 12. Bxc5 Nxc5 13. Qd4 Qb6 14. h4 Na4 15.
Qxb6 Nxb6 16. Rh3 Bd7 17. Ne2 Rc8 18. Nd4 Nc4 19. b3 Nb6 20. O-O-O Ke7 21. h5
Rc5 22. h6 g6 23. Kb2 Rhc8 24. Rdd3 Be8 25. Rc3 Nd7 26. Rxc5 Nxc5 27. Bd3 f5
28. Nf3 Bf7 29. Ng5 Bg8 30. Rh1 Kd7 31. Rd1 Rc6 32. c3 Kc7 33. Bc2 Nb7 34. Rd4
Nd8 35. a4 bxa4 36. Rxa4 Nf7 37. Nxf7 Bxf7 38. Bd3 Kb7 39. c4 dxc4 40. bxc4 Kb6
41. Rb4+ Kc7 42. Kc3 Be8 43. Kd4 Rb6 44. Rxb6 Kxb6 45. c5+ Kb7 46. Bc4 Bd7 47.
c6+ Kxc6 48. Bxa6 Kb6 49. Bc4 Kc6 50. Bb3 Kb5 51. Bc2 Kb6 52. g4 Be8 53. gxf5
gxf5 54. Bb3 Bd7 55. Bd1 Be8 56. Be2 Kc6 57. Bf3+ Kb6 58. Ke3 Kc7 59. Kf2 Kd8
60. Kg3 Ke7 61. Kh4 Bf7 62. Kg5 Bg6 63. Be2 Be8 64. Bc4 Bd7 65. Bd3 Be8 66. Be2
 1/2-1/2

[Event "28th 4NCL Congress"]
[Site "Leamington Spa"]
[Date "2022.07.10"]
[Round "4"]
[Board "19"]
[White "Kolani, Arjun"]
[Black "Ortiz Sanchez, Luis"]
[Result "1-0"]
[WhiteElo "2163"]
[BlackElo "2008"]
[PlyCount "85"]
[EventDate "2022.07.08"]
[EventRounds "5"]
[EventCountry "ENG"]

1. e4 c5 2. Nf3 Nc6 3. d4 cxd4 4. Nxd4 g6 5. c4 Nf6 6. Nc3 d6 7. f3 Nxd4 8.
Qxd4 Bg7 9. Be3 O-O 10. Qd2 Be6 11. Bd3 Qa5 12. Rc1 Rfc8 13. b3 Nd7 14. Ne2
Qxd2+ 15. Kxd2 Nc5 16. b4 Nxd3 17. Kxd3 f5 18. Nf4 fxe4+ 19. fxe4 Bf7 20. a4 e6
21. Ke2 b6 22. Nd3 Rc7 23. c5 dxc5 24. bxc5 bxc5 25. Rxc5 Rxc5 26. Nxc5 Rc8 27.
Rb1 Bf8 28. Nd7 Be7 29. Rb7 Be8 30. Rxa7 Rc2+ 31. Kd3 Ra2 32. Ra8 Ra3+ 33. Ke2
Rxe3+ 34. Kxe3 Bg5+ 35. Kd3 Kf7 36. Ne5+ Ke7 37. Ra7+ Kf8 38. Kc4 Bf4 39. Nd7+
Ke7 40. Nc5+ Kd6 41. Nd3 Bxh2 42. e5+ Kc6 43. a5  1-0

[Event "28th 4NCL Congress"]
[Site "Leamington Spa"]
[Date "2022.07.10"]
[Round "4"]
[Board "20"]
[White "Gardiner, Eric D"]
[Black "Ther, Mate"]
[Result "1/2-1/2"]
[WhiteElo "2001"]
[BlackElo "2153"]
[PlyCount "61"]
[EventDate "2022.07.08"]
[EventRounds "5"]
[EventCountry "ENG"]

1. e4 e5 2. Nf3 Nc6 3. d4 exd4 4. Nxd4 Nf6 5. Nc3 Bb4 6. Nxc6 bxc6 7. Bd3 d5 8.
exd5 cxd5 9. O-O O-O 10. h3 c6 11. Qf3 Be6 12. Ne2 Qd7 13. Nd4 c5 14. c3 Ba5
15. Nf5 Ne4 16. Nxg7 Kxg7 17. Bxe4 dxe4 18. Bh6+ Kxh6 19. Qf6+ Kh5 20. Rfd1 Qb7
21. g4+ Bxg4 22. hxg4+ Kxg4 23. f3+ exf3 24. Qg7+ Kf5 25. Qxh7+ Ke6 26. Re1+
Kf6 27. Qh6+ Kf5 28. Qh5+ Kf6 29. Qh6+ Kf5 30. Qh5+ Kf6 31. Qh6+  1/2-1/2